Größte Landkreise Deutschlands - Statistiken

Allgemein
  • Dieses Quiz wurde 241 mal gespielt
  • Das Durchschnittsergebnis liegt bei 10 aus 20
Antwortstatistiken
Fläche Einwohner Bundesland Landkreis % Korrekt
2.291 km² 1.157.624 Niedersachsen Region Hannover
84%
5.470 km² 259.130 Mecklenburg-Vorpommern Mecklenburgische Seenplatte
71%
3.207 km² 224.684 Mecklenburg-Vorpommern Vorpommern-Rügen
70%
3.423 km² 215.113 Mecklenburg-Vorpommern Rostock
69%
3.930 km² 236.697 Mecklenburg-Vorpommern Vorpommern-Greifswald
69%
4.752 km² 212.618 Mecklenburg-Vorpommern Ludwigslust-Parchim
62%
3.077 km² 119.552 Brandenburg Uckermark
57%
707 km² 555.465 Nordrhein-Westfalen Städteregion Aachen
54%
2.882 km² 325.657 Niedersachsen Emsland
46%
761 km² 615.261 Nordrhein-Westfalen Recklinghausen
45%
2.527 km² 99.078 Brandenburg Ostprignitz-Ruppin
42%
1.153 km² 599.780 Nordrhein-Westfalen Rhein-Sieg-Kreis
42%
407 km² 485.684 Nordrhein-Westfalen Mettmann
38%
2.423 km² 111.982 Sachsen-Anhalt Stendal
38%
2.592 km² 214.664 Brandenburg Potsdam-Mittelmark
35%
1.062 km² 547.625 Baden-Württemberg Rhein-Neckar-Kreis
35%
641 km² 533.859 Baden-Württemberg Esslingen
31%
687 km² 543.984 Baden-Württemberg Ludwigsburg
29%
705 km² 470.089 Nordrhein-Westfalen Rhein-Erft-Kreis
29%
1.043 km² 459.809 Nordrhein-Westfalen Wesel
27%
Keine übereinstimmenden Quizze gefunden
Verteilung der Resultate
Anzahl Personen mit jedem Resultat
Perzentil nach korrekt beantworteten Fragen
Ihre Resultats-Entwicklung
Sie haben dieses Quiz noch nicht gespielt